Historia de América (Registro nro. 3953)
[ vista simple ]
| 000 -CABECERA | |
|---|---|
| Longitud fija campo de control | 00552nam a2200205 i 4500 |
| 001 - NÚMERO DE CONTROL | |
| Número de control | 00000000006006 |
| 003 - IDENTIFICADOR DELl NÚMERO DE CONTROL | |
| Identificador del número de control | OSt |
| 005 - FECHA Y HORA DE LA ÚLTIMA TRANSACCIÓN | |
| Fecha y hora de la última transacción | 20131112175121.0 |
| 008 - CÓDIGOS DE INFORMACIÓN DE LONGITUD FIJA | |
| Códigos de información de longitud fija | 020226s1996 esp 0011 spa d |
| 020 ## - NÚMERO INTERNACIONAL NORMALIZADO PARA LIBROS | |
| Número Internacional Normalizado para Libros (ISBN) | 958-04-3151.X |
| 040 ## - FUENTE DE LA CATALOGACIÓN | |
| Centro catalogador de origen | BMC |
| Centro transcriptor | BMC |
| 082 ## - NÚMERO DE LA CLASIFICACIÓN DECIMAL DEWEY | |
| Númeroo de clasificación | 980 |
| 100 1# - PUNTO DE ACCESO PRINCIPAL-NOMBRE DE PERSONA | |
| Nombre de persona | Montenegro González, Augusto |
| 9 (RLIN) | 3415 |
| 245 10 - MENCIÓN DE TÍTULO | |
| Título | Historia de América |
| Mención de responsabilidad, etc. | Augusto Montenegro González |
| 250 ## - MENCIÓN DE EDICIÓN | |
| Mención de edición | 4ª ed., reimp |
| 260 ## - PUBLICACIÓN, DISTRIBUCIÓN, ETC. (PIE DE IMPRENTA) | |
| Lugar de publicación, distribución, etc. | Bogotá |
| Nombre del editor, distribuidor, etc. | Norma |
| Fecha de publicación, distribución, etc. | 1996 |
| 300 ## - DESCRIPCIÓN FÍSICA | |
| Extensión | 312 p. [1], mapa |
| Otras características físicas | il. |
| Dimensiones | 21 cm |
| 651 04 - PUNTO DE ACCESO ADICIONAL DE MATERIA - NOMBRE GEOGRÁFICO | |
| Nombre geográfico | América |
| Subdivisión de materia general | Historia |
| 9 (RLIN) | 9069 |
| 942 ## - ENTRADA DE ELEMENTOS AGREGADOS (KOHA) | |
| Fuente de clasificaión o esquema | Dewey Decimal Classification |
| Koha [por defecto] tipo de item | 1- Monografias |
| Suprimido | Perdido | Fuente de clasificación o esquema | Estropeado | Restricciones de uso | No para préstamo | Código de colección | Localización permanente | Localización actual | Localización en estanter&íacute;as | Fecha adquisición | Fuente de adquisición | Número de inventario | Préstamos totales | Signatura completa | Código de barras | Fecha última consulta | Coste, precio reemplazado | Fecha del precio de reemplazo | Tipo de item de Koha | Fecha último préstamo |
|---|---|---|---|---|---|---|---|---|---|---|---|---|---|---|---|---|---|---|---|---|
| NULL | NULL | Dewey Decimal Classification | NULL | Prestable | NULL | NULL | Biblioteca Miguel de Cervantes - UNICAES | Biblioteca Miguel de Cervantes - UNICAES | Sala Principal | 09/11/2013 | Donación - MINED | 006760 | 980 MON his | 1006760 | 09/11/2013 | 11.00 | 09/11/2013 | 1- Monografias | ||
| NULL | NULL | Dewey Decimal Classification | NULL | Prestable | NULL | NULL | Biblioteca Miguel de Cervantes - UNICAES | Biblioteca Miguel de Cervantes - UNICAES | Sala Principal | 09/11/2013 | Donación - GTZ / MINED | 006761 | 1 | 980 MON his | 1006761 | 24/07/2017 | 11.00 | 09/11/2013 | 1- Monografias | 24/07/2017 |
| NULL | NULL | Dewey Decimal Classification | NULL | Prestable | NULL | NULL | Biblioteca Miguel de Cervantes - UNICAES | Biblioteca Miguel de Cervantes - UNICAES | Sala Principal | 09/11/2013 | Donación - MINED | 006762 | 980 MON his | 1006762 | 09/11/2013 | 11.00 | 09/11/2013 | 1- Monografias | ||
| NULL | NULL | Dewey Decimal Classification | NULL | Prestable | NULL | NULL | Biblioteca Miguel de Cervantes - UNICAES | Biblioteca Miguel de Cervantes - UNICAES | Sala Principal | 09/11/2013 | Donación - MINED | 006763 | 1 | 980 MON his | 1006763 | 07/09/2015 | 11.00 | 09/11/2013 | 1- Monografias | 05/09/2015 |
| NULL | NULL | Dewey Decimal Classification | NULL | Prestable | NULL | NULL | Biblioteca Miguel de Cervantes - UNICAES | Biblioteca Miguel de Cervantes - UNICAES | Sala Principal | 09/11/2013 | Donación - MINED | 006764 | 1 | 980 MON his | 1006764 | 28/02/2025 | 11.00 | 09/11/2013 | 1- Monografias | 25/02/2025 |